Akhri Chattan / آخری چٹان (Urdu) / (Record no. 593864)

000 -LEADER
fixed length control field 00326nam a22001217a 4500
040 ## - CATALOGING SOURCE
Transcribing agency NUST
082 ## - DEWEY DECIMAL CLASSIFICATION NUMBER
Classification number 920,HIJ
245 ## - TITLE STATEMENT
Title Akhri Chattan / آخری چٹان (Urdu) /
Statement of responsibility, etc. Naseem Hijazi
260 ## - PUBLICATION, DISTRIBUTION, ETC.
Place of publication, distribution, etc. Lahore
Name of publisher, distributor, etc. Jahanger Books
300 ## - PHYSICAL DESCRIPTION
Extent 512 p.;
650 ## - SUBJECT ADDED ENTRY--TOPICAL TERM
Topical term or geographic name entry element Urdu Literature (Short Stories)
9 (RLIN) 4607
942 ## - ADDED ENTRY ELEMENTS (KOHA)
Source of classification or shelving scheme
Koha item type Book
Call number prefix 920,HIJ
Holdings
Withdrawn status Lost status Source of classification or shelving scheme Damaged status Not for loan Permanent Location Current Location Shelving location Date acquired Total Checkouts Full call number Barcode Date last seen Date last checked out Price effective from Koha item type Public note
          Military College of Signals (MCS) Military College of Signals (MCS) General Stacks 03/20/2023 4 920,HIJ MCS31924 01/22/2026 11/25/2025 03/20/2023 Book Almirah No.66, Shelf No.5
© 2023 Central Library, National University of Sciences and Technology. All Rights Reserved.